Normal view
MARC view
- China
Entry Geographic Name
001 - CONTROL NUMBER
- control field: 14228
003 - CONTROL NUMBER IDENTIFIER
- control field: NUST
005 - DATE AND TIME OF LATEST TRANSACTION
- control field: 20190427093642.0
008 - FIXED-LENGTH DATA ELEMENTS
- fixed length control field: 190427|| aca||aabn | a|a d
040 ## - CATALOGING SOURCE
- Original cataloging agency: NUST
- Transcribing agency: NUST
151 ## - HEADING--GEOGRAPHIC NAME
- Geographic name: China
- General subdivision: History
- Chronological subdivision: Three kingdoms, 220-265
- Form subdivision: Fiction.
670 ## - SOURCE DATA FOUND
- Source citation: Work cat.: (NUST)0: Luo, Guanzhong, approximately 1330-approximately 1400, author. 14224, The romance of the three kingdoms /
